| 000 | 01040nam0a22003131 4500 | ||
|---|---|---|---|
| 001 | RU\NLR\A1SV\13023 | ||
| 005 | 20251203171251.9 | ||
| 035 | _a(NLR Aleph) 009698337 | ||
| 090 |
_a9771595 _c9771595 |
||
| 100 | _a19991018d1926 u y0rusy50 ca | ||
| 101 | 0 | _arus | |
| 102 | _aRU | ||
| 200 | 1 |
_aКраткое руководство для санитарно-химических исследований воды при помощи походных лабораторий _fС.В.Бруевич и И.Р.Хецров |
|
| 210 |
_aМ. _cМосздравотд. _d1926 |
||
| 215 |
_a12 с. _d17 см |
||
| 300 | _aБез тит. л. | ||
| 620 | _dМосква | ||
| 700 | 1 |
_aБруевич _bС.В. _f1894-1971 _gСемен Владимирович |
|
| 701 | 1 |
_aХецров _bИ.Р. _f1887-1938 _gИлья Романович |
|
| 801 | 0 |
_aRU _bNLR _c19991018 |
|
| 852 |
_aNLR _j20.110.7.264 |
||
| 899 | _aБАН | ||
| 899 | _aNLG | ||
| 899 | _aРКП | ||
| 899 | _aРГБ | ||
| 942 | _cBOOK | ||
| 980 | _aNB | ||
| 980 | _aA1SV | ||